000 00721nam a2200253Ia 4500
003 OSt
005 20220926013028.0
006 a|||||r|||| 00| 0
007 ta
008 220923b |||||||| |||| 00| 0 eng d
037 _cGeneral Book
040 _aRTL
_cRTL
_beng
041 _2eng
_aeng
082 _aXB, G8;K9
100 _aLoucks William N
245 0 _aComoaratuve economic systems
260 _aNew York
_bHarper & Row U S A
_c1969
300 _axiii,582p.
_ccm.
490 _aProper International Edition
650 _aWar Economics
_9233725
700 _a Whitney William G
_9317727
942 _hXB, G8;K9
_cGB
_2CC
999 _c624990
_d624990